|
|
|
|
| LEADER |
00725ncm a22002172a 4500 |
| 001 |
001082372 |
| 003 |
CZ BrMZK |
| 005 |
20100329140001.0 |
| 007 |
qu |
| 008 |
100113s1925 xr |||||||||||||||||cze d |
| 040 |
|
|
|a BOA001
|b cze
|
| 072 |
|
7 |
|a 784
|x Vokální hudba
|2 Konspekt
|9 9
|
| 100 |
1 |
|
|a Šmíd, František,
|d 1886-1956
|7 jx20050617065
|4 cmp
|4 lyr
|
| 245 |
1 |
0 |
|a Mládí, zlaté mládí
|h [hudebnina] /
|c slova i hudbu napsal František Šmíd
|
| 260 |
|
|
|a Pardubice :
|b Fr. Šmíd,
|c [1925?]
|
| 300 |
|
|
|a 1 sv. (nestránkován)
|
| 500 |
|
|
|a Jednohlasý zpěv
|
| 910 |
|
|
|a BOA001
|b Mus1-0721.503
|
| 990 |
|
|
|a MU
|
| 991 |
|
|
|b 201003
|
| 996 |
6 |
|
|b 2619448290
|c Mus1-0721.503
|l MZK
|r Sklad / do 1 hodiny
|n 0
|w 001104667
|u 000010
|a 1
|e BOA001
|j MZK50
|s P
|